| 000 | 00000nam##2200000za#4500 |
| 001 | 9.700304 |
| 003 | CaOODSP |
| 005 | 20250506145324 |
| 007 | cr ||||||||||| |
| 008 | 150407|1983||||xxc|||||o f|0| 0 eng|d |
| 040 | |aCaOODSP|beng |
| 043 | |an-cn--- |
| 086 | 1 |aA53-1754-1983E-PDF |
| 110 | 1 |aCanada.|bAgriculture Canada. |
| 245 | 10|aPerennials in your garden / |h[electronic resource]|c[by] Trevor J. Cole. |
| 260 | |aOttawa - Ontario : |bAgriculture Canada |cc1983. |
| 300 | |a80p.|bcoloured illus., figs., tables |
| 500 | |aHistorical publication digitized by Agriculture and Agri-Food Canada. "This publication replaces publications 968. Descriptive notes on herbaceous perennials for Canadian gardens, and 970. Growing herbaceous perennials, by R.W. Oliver." |
| 590 | |a15-02-Supp|b2015-02-16 |
| 690 | 07|aGardening|2gcpds |
| 690 | 07|aNorthern Canada|2gcpds |
| 720 | 1 |aCole, T. J. |
| 775 | 08|tLes fleurs vivaces de votre jardin / |w(CaOODSP)9.644200 |
| 856 | 40|ahttp://publications.gc.ca|qPDF|s5813 KB|uhttps://publications.gc.ca/collections/collection_2015/aac-aafc/A53-1754-1983-eng.pdf |
| 986 | |aPublication 1754/E |